International economic law after the global crisis : (Record no. 21278)
[ view plain ]
| 000 -LEADER | |
|---|---|
| fixed length control field | 01025cam a22002775a 4500 |
| 001 - CONTROL NUMBER | |
| control field | 18249047 |
| 005 - DATE AND TIME OF LATEST TRANSACTION | |
| control field | 20201128023647.0 |
| 008 - FIXED-LENGTH DATA ELEMENTS--GENERAL INFORMATION | |
| fixed length control field | 140731s2015 enk frb f001 0 eng d |
| 020 ## - INTERNATIONAL STANDARD BOOK NUMBER | |
| International Standard Book Number | 9781107075696 |
| 040 ## - CATALOGING SOURCE | |
| Original cataloging agency | DLC |
| Language of cataloging | eng |
| Transcribing agency | DLC |
| Modifying agency | DLC |
| -- | EG-ScBUE |
| 082 04 - DEWEY DECIMAL CLASSIFICATION NUMBER | |
| Classification number | 343.03 |
| Edition number | 22 |
| Item number | INT |
| 245 00 - TITLE STATEMENT | |
| Title | International economic law after the global crisis : |
| Remainder of title | a tale of fragmented disciplines / |
| Statement of responsibility, etc | edited by C. L. Lim, Bryan Mercurio. |
| 260 ## - PUBLICATION, DISTRIBUTION, ETC. (IMPRINT) | |
| Place of publication, distribution, etc | Cambridge : |
| Name of publisher, distributor, etc | Cambridge University Press, |
| Date of publication, distribution, etc | 2015. |
| 300 ## - PHYSICAL DESCRIPTION | |
| Extent | xv, 557 p. ; |
| Dimensions | 24 cm. |
| 500 ## - GENERAL NOTE | |
| General note | Index : p. 537-557. |
| 504 ## - BIBLIOGRAPHY, ETC. NOTE | |
| Bibliography, etc | Includes bibliographical references. |
| 650 #7 - SUBJECT ADDED ENTRY--TOPICAL TERM | |
| Topical term or geographic name as entry element | International finance |
| General subdivision | Law and legislation. |
| Source of heading or term | BUEsh |
| 9 (RLIN) | 36692 |
| 650 #0 - SUBJECT ADDED ENTRY--TOPICAL TERM | |
| Topical term or geographic name as entry element | Investments, Foreign |
| General subdivision | Law and legislation. |
| Source of heading or term | BUEsh |
| 650 #7 - SUBJECT ADDED ENTRY--TOPICAL TERM | |
| Topical term or geographic name as entry element | International economic relations. |
| Source of heading or term | BUEsh |
| 9 (RLIN) | 3036 |
| 651 ## - SUBJECT ADDED ENTRY--GEOGRAPHIC NAME | |
| Source of heading or term | BUEsh |
| 653 ## - INDEX TERM--UNCONTROLLED | |
| Resource For college | Law |
| Arrived date list | February2016 |
| 650 #7 - SUBJECT ADDED ENTRY--TOPICAL TERM | |
| 9 (RLIN) | 27887 |
| Topical term or geographic name as entry element | Foreign trade regulation |
| Source of heading or term | BUEsh |
| 700 1# - ADDED ENTRY--PERSONAL NAME | |
| Personal name | Lim, C. L. |
| Fuller form of name | (Chin L.), |
| Relator term | editor. |
| 700 1# - ADDED ENTRY--PERSONAL NAME | |
| Personal name | Mercurio, Bryan, |
| Relator term | editor. |
| 942 ## - ADDED ENTRY ELEMENTS (KOHA) | |
| Source of classification or shelving scheme | Dewey Decimal Classification |
| Withdrawn status | Item status | Source of classification or shelving scheme | Damaged status | Not for loan | Vendor | Home library | Current library | Shelving location | Date acquired | Source of acquisition | Cost, normal purchase price | Serial Enumeration / chronology | Total Checkouts | Full call number | Barcode | Date last seen | Date last borrowed | Cost, replacement price | Koha item type |
|---|---|---|---|---|---|---|---|---|---|---|---|---|---|---|---|---|---|---|---|
| Dewey Decimal Classification | MERIC | Central Library | Central Library | First floor | 29/02/2016 | Purchase | 1271.00 | 16597 | 1 | 343.03 INT | 000031769 | 15/07/2025 | 22/06/2017 | 1589.00 | Book - Borrowing |